000 00872nam a2200229 a 4500
001 000035122
005 20200930074123.0
008 111025s1895 sp 000 0 spa d
040 _aDO-SdBNP
_bspa
_cBNPHU
082 _axxxx
_bL733c
100 1 _aLimendoux, Félix
_960801
245 1 4 _aLos caracoles :
_bzarzuela cómica en un acto y tres cuadros, en prosa /
_cFélix Limendoux, Mariano de Rojas ; música Brull y San José.
260 _aMadrid :
_bR. Velasco,
_c1895.
300 _a32 p. ;
_c20 cm.
490 1 _aAdministración lírico-dramática
490 1 _aLa propiedad intelectual
700 1 2 _aRojas, Mariano de
_960802
700 1 2 _aBrull Ayerra, Apolinar,
_d[1845-1905]
_emús.
_960803
700 1 2 _aSan José Quijano, Teodoro,
_d[1866-1930]
_emús.
_960804
830 0 _aAdministración lírico-dramática
_960790
830 3 _aLa propiedad intelectual
_960805
999 _c34613
_d34613